Experimental Psychology / (Record no. 37927)

MARC details
000 -LEADER
fixed length control field 00874nam a22002537a 4500
005 - DATE AND TIME OF LATEST TRANSACTION
control field 20100727120948.0
010 ## - LCCN (DPL NO)
LC control number ENG-96946
020 ## - INTERNATIONAL STANDARD BOOK NUMBER
International Standard Book Number 8183161588
Terms of availability 600.00
020 ## - INTERNATIONAL STANDARD BOOK NUMBER
International Standard Book Number 9788183161589
Terms of availability 600.00
035 ## - SYSTEM CONTROL NUMBER
System control number EN-80479
037 ## - SOURCE OF ACQUISITION
Source of stock number/acquisition DBAD/PUB
082 ## - DEWEY DECIMAL CLASSIFICATION NUMBER
Classification number 150.724
100 ## - MAIN ENTRY--PERSONAL NAME
Personal name Parameswaran, E. G.
245 ## - TITLE STATEMENT
Title Experimental Psychology /
Statement of responsibility, etc E. G. Parameswaran (and) K. Ravichandra
260 ## - PUBLICATION, DISTRIBUTION, ETC. (IMPRINT)
Place of publication, distribution, etc New Delhi
Name of publisher, distributor, etc Neelkamal Publications
Date of publication, distribution, etc 2007
270 ## - ADDRESS
Address BG5/9B, Paschim Vihar,
City New Delhi
Postal code 110063
300 ## - PHYSICAL DESCRIPTION
Extent vii, 336 p.
Dimensions 24cm (Hb)
500 ## - GENERAL NOTE
General note Includes bibliographical references and index
700 ## - ADDED ENTRY--PERSONAL NAME
Personal name Ravichandra, K
9 (RLIN) 1706
700 ## - ADDED ENTRY--PERSONAL NAME
9 (RLIN) 1707
700 ## - ADDED ENTRY--PERSONAL NAME
9 (RLIN) 1708
942 ## - ADDED ENTRY ELEMENTS (KOHA)
Source of classification or shelving scheme Dewey Decimal Classification
Item type English Books
Classification part 150.724
Call number suffix PAR
Holdings
Withdrawn status Lost status Not for loan Collection code Home library Current library Date acquired Cost, normal purchase price Full call number Barcode Copy number Cost, replacement price Koha item type
    Not For Loan Non-fiction D.B.Act.Division D.B.Act.Division 27/07/2010 600.00 150.724 PAR EN-80479 1 600.00 English Books

© Delhi Public Library
Hit Counter
free hit counter